书目信息 |
| 题名: |
婴幼儿学说话百科全书
|
|
| 作者: | 曹刘霞 著 | |
| 分册: | ||
| 出版信息: | 天津 天津科学技术出版社 2018.12 |
|
| 页数: | 195页 | |
| 开本: | 22cm | |
| 丛书名: | ||
| 单 册: | ||
| 中图分类: | G613.2 | |
| 科图分类: | ||
| 主题词: | 婴幼儿--Ying You Er--语言教学 | |
| 电子资源: | ||
| ISBN: | 978-7-5576-5797-0 | |
| 000 | 01051nam0 2200229 450 | |
| 001 | 0103152644 | |
| 005 | 20201103152730.0 | |
| 010 | @a978-7-5576-5797-0@dCNY42.00 | |
| 100 | @a20190406d2018 em y0chiy50 ea | |
| 101 | 0 | @achi |
| 102 | @aCN@b120000 | |
| 105 | @aa z 000yy | |
| 106 | @ar | |
| 200 | 1 | @a婴幼儿学说话百科全书@AYing You Er Xue Shuo Hua Bai Ke Quan Shu@f曹刘霞著 |
| 210 | @a天津@c天津科学技术出版社@d2018.12 | |
| 215 | @a195页@c图@d22cm | |
| 330 | @a本书秉持“自然教育”的核心理念和“寓教于乐”的教育原则,在翔实的理论基础上,结合了大量家庭实践中的情境模拟分析和趣味互动游戏,让家长明白自己日常的哪些行为促进了宝宝的能力发育,而哪些行为又不小心为宝宝设置了障碍,从而逐步改善日常教育中点滴的语言习惯,提高与宝宝对话的数量和质量。本书详细介绍了语言对婴幼儿的意义,影响语言能力发育的因素,宝宝学说话需要掌握的5个要素,等等,对年轻的父母有很好的指导作用。 | |
| 606 | 0 | @a婴幼儿@AYing You Er@x语言教学 |
| 690 | @aG613.2@v5 | |
| 701 | 0 | @a曹刘霞@ACao Liu Xia@4著 |
| 801 | 0 | @aCN@bBJSZM@c20201103 |
| 905 | @b1255516-20@dG613.2@e1035@f5 | |
| 婴幼儿学说话百科全书/曹刘霞著.-天津:天津科学技术出版社,2018.12 |
| 195页:图;22cm |
| ISBN 978-7-5576-5797-0:CNY42.00 |
| 本书秉持“自然教育”的核心理念和“寓教于乐”的教育原则,在翔实的理论基础上,结合了大量家庭实践中的情境模拟分析和趣味互动游戏,让家长明白自己日常的哪些行为促进了宝宝的能力发育,而哪些行为又不小心为宝宝设置了障碍,从而逐步改善日常教育中点滴的语言习惯,提高与宝宝对话的数量和质量。本书详细介绍了语言对婴幼儿的意义,影响语言能力发育的因素,宝宝学说话需要掌握的5个要素,等等,对年轻的父母有很好的指导作用。 |
| ● |
| 相关链接 |
|
|
|
|
正题名:婴幼儿学说话百科全书
索取号:G613.2/1035
 
预约/预借
| 序号 | 登录号 | 条形码 | 馆藏地/架位号 | 状态 | 备注 |
| 1 | 1255516 | 212555162 | 第一样本阅览室/ [索取号:G613.2/1035] | 在馆 | |
| 2 | 1255517 | 212555171 | 教育系资料室/ [索取号:G613.2/1035] | 在馆 | |
| 3 | 1255518 | 212555180 | 教育系资料室/ [索取号:G613.2/1035] | 在馆 | |
| 4 | 1255519 | 212555199 | 第四借阅区/ [索取号:G613.2/1035] | 在馆 | |
| 5 | 1255520 | 212555206 | 第四借阅区/ [索取号:G613.2/1035] | 在馆 |